000
00344 a2200157 4500
001
61108
020
_a
9783190118243
040
_c
Anchieta - Pituba
100
_a
Puchta, Herbert
240
1
0
_a
Ideen
_l
por
245
1
0
_a
Ideen
300
_a
152
362
0
_a
2008
650
4
_a
Línguas germânicas (teutônicas) língua alemã
942
_c
BK
999
_c
61108
_d
61108